| 000 | 00487nam a2200205Ia 4500 | ||
|---|---|---|---|
| 005 | 20240823052448.0 | ||
| 008 | 240823s9999||||xx |||||||||||||| ||und|| | ||
| 020 | _a978-81-8209-119-1 | ||
| 041 | _aENGLISH | ||
| 082 | _A530 P9 | ||
| 100 | _aKumar J | ||
| 245 | 0 | _aEngineering Physics -II | |
| 250 | _a1st | ||
| 260 |
_c2009 _bVijay Nicole Imprints Private Li |
||
| 500 | _aTRANSFERED | ||
| 650 |
_aPhysics _bPhysics |
||
| 700 | _a Vasudevan S | ||
| 942 | _cBK | ||
| 999 |
_c221920 _d221920 |
||